| 000 | 00785cam a2200229 4500 | ||
|---|---|---|---|
| 001 | WB3703-23 | ||
| 008 | 000000n2001 000 0 eng u | ||
| 035 | _a(Sirsi) u110437 | ||
| 245 | _aFighting deprivation in poorest neighbourhoods | ||
| 260 | _c2001 | ||
| 490 |
_aDETR News Release _v(011) 15 January 2001(5) |
||
| 520 | _aOutlines government policy for neighbourhood renewal "The new commitment to neighbourhood renewal - national strategy action plan" and the targets for improving the most deprived areas of England and Wales. | ||
| 590 | _aWB | ||
| 650 | _aDETR | ||
| 650 | _aNEIGHBOURHOOD RENEWAL | ||
| 650 | _aDEPRIVED AREAS | ||
| 650 | _aURBAN RENEWAL | ||
| 650 | _aLOCAL AUTHORITIES | ||
| 650 | _aGOVERNMENT POLICY | ||
| 690 | _aREGENERATION | ||
| 942 | _n0 | ||
| 999 |
_c65840 _d65840 |
||